[Event "Oregon Closed Championship"]
[Site "Portland, OR"]
[Date "2022.07.18"]
[Round "6"]
[White "Zavortink, Matt"]
[Black "Pendergast, Michael"]
[Result "1-0"]
[WhiteElo "2303"]
[BlackElo "2140"]
[Annotator "Wilson Gibbins"]
[PlyCount "43"]
[EventDate "2022.07.15"]
[EventType "tourn"]
[EventRounds "8"]
[EventCountry "USA"]

{[%evp 0,43,20,12,20,-7,8,-10,5,8,32,-10,39,21,23,4,11,-4,6,15,23,-37,-24,-24,
-26,-24,-33,-18,-39,-44,-7,16,0,-7,33,25,29,32,530,676,688,629,628,652,1631,
1656]} {Annotations by Wilson Gibbins are prefaced by WG, annotations by Matt
Zavortink prefaced by MZ. WG - Last year's champion demonstrates tactical
skills and positional judgement that made him champion last year.} 1. Nf3 d5 2.
g3 Nf6 3. Bg2 c5 4. O-O e6 {WG - One doesn't expect a miniature from a closed
opening like this. Watch Matt crack open the center before Black is fully
developed or castled, at the investment of only a pawn.} 5. d4 {WG - Is Matt
aiming for a reversed Gruenfeld, or perhaps the Tarrash variation of the
Queen's Gambit Declined after he advances his pawn to c4?} (5. d3 {WG - is the
King's Indian Attack, which my generation over-valued because Bobby Fischer
had success with it. Today's repertoire books claim that Black is fine, but
when the words "King's Indian" are in the opening name, you can depend that
fighting chess will ensue.}) 5... b5 {WG - Trying to prevent White from
opening the game with 6.c2-c4, but Matt is persistent.} 6. a4 $1 b4 7. c4 $1
Bb7 ({MZ - The most natural continuation seems to be} 7... bxc3 8. Nxc3 {
when Black has an obviously superior structure. But Black is dangerously far
behind in development.} {Trying to castle quickly with something like} Be7 {
runs into} 9. dxc5 Bxc5 10. e4 {and the position opens in White's favor.}) 8.
Nbd2 Nbd7 9. cxd5 Bxd5 10. e4 $1 {White sacrifices a pawn to maintain his lead
in development.} Nxe4 11. Nxe4 Bxe4 12. Re1 Bd5 $1 $14 ({MZ - The move} 12...
Bb7 $2 {runs into} 13. d5 {with the entertaining line} Nf6 14. dxe6 Qxd1 15.
exf7+ Kxf7 16. Rxd1 $16 {White has regained the pawn but more importantly the
immediate threat of Ng5+ forces black to make a major concession like ...Bxf3
or ...Kg8.}) ({WG - after} 12... Bxf3 {the sequence} 13. Bxf3 Rc8 14. Bf4 Be7
15. Bb7 {nets White the exchange.}) 13. dxc5 Nxc5 ({WG - not} 13... Bxc5 $2 14.
Qxd5) ({MZ - the best continuation for Black is} 13... Be7 $1 14. Bg5 $1 Nf6 {
This variation might represent "best play" from both sides after 5...b5; the
computer says white has an edge though practically it's hard to tell if the c5
pawn is more of an asset or a liability.}) 14. Bg5 Be7 15. Bxe7 Qxe7 16. Qd4
$16 {WG - And White has a significant advantage despite Black not making any
particularly dubious moves. Black will to need to invest some time and
probably his b-pawn to get his king to safety.} Kf8 $6 (16... O-O $4 17. Qxd5
exd5 18. Rxe7) (16... f6 $1 17. Rad1 Rd8 18. Qxb4 O-O 19. Rc1 Rc8 20. Nd4 Bxg2
{WG - And white has some advantage after the complicated} 21. Nxe6 $5 ({
or the simpler} 21. Kxg2)) 17. Rad1 $1 ({MZ - I thought 16...Kf8 was actually
very clever, as now I really should not play} 17. Qxb4 {allowing} Nd3 {when
white must enter a thankless endgame with} 18. Qxe7+ {I also have to defend
against ...Nb3 so it was only through process of elimination that I arrived at
17.Rad1 which is by far the strongest move, but not immediately obvious. The
difference between 16...Kf8 and 16...f6 is that after ...f6 white can take on
b4 and ...Nd3 will drop a piece to Qb5+.}) 17... Nxa4 18. Nh4 $1 Nb6 $2 {
WG - This is logical, getting the knight back into the game and shoring up the
defense of the bishop on d5, but White has a trick} ({WG - best but
insufficient is} 18... Qc5 {is best but insufficient to hold the game. In many
of the lines, White is attacking Black's King with three or four pieces, and
Black is defending with only one or two, as his knight and at least one of the
rooks ends up serving as spectators.} {MZ - I had seen that I can continue the
attack with} 19. Qf4 $1 {which cross-pins the d5 bishop to the d7 square, as
allowing 20.Rd7 will lead to some kind of queen and rook mate on f7. White is
also threatening 20.Rc1 with a similar rook invasion on the 7th rank. I felt
like this was immediately decisive.} {During the game I did NOT see the
computer's suggested} Nxb2 {with the point that now black can meet 20.Rc1 with
...Nc4, blocking the c-file (or perhaps ...Nd3 going into an endgame with 3
pawns vs a piece). I think I would've found Rd4 or Rd2 though, as the
positions where white is allowed to take on d5 and then go Nf5 seem very hard
to defend as black.} 20. Rd4 $1 {WG - Black is up three pawns but the engine
says White is winning.} Nc4 21. Bxd5 exd5 22. Nf5 h6 23. Ne7 Nb6 24. Rd3 Rd8
25. Rf3 {and Black's defenses are crumbling.}) 19. Nf5 $1 Qf6 20. Qc5+ Kg8 21.
Ne7+ Kf8 22. Nxd5+ 1-0

[Event "Oregon Closed Championship"]
[Site "Portland, OR"]
[Date "2022.07.15"]
[Round "1"]
[White "Raptis, Nick"]
[Black "Russell, Corey"]
[Result "1-0"]
[WhiteElo "2366"]
[BlackElo "2206"]
[Annotator "Tactical Analysis 2.10 (7s)"]
[PlyCount "75"]
[EventDate "2022.07.15"]
[EventType "tourn"]
[EventRounds "8"]
[EventCountry "USA"]

{[%evp 11,75,7,7,-49,7,7,7,7,13,-6,-5,-12,-3,-12,-11,-11,-11,-11,-16,-26,-17,
-20,17,17,17,17,17,19,40,38,38,19,38,40,46,46,45,28,28,28,28,5,10,0,62,-38,36,
-19,39,38,73,73,73,73,187,186,219,206,206,187,187,182,292,165,408,427] All
unattributed annotations are made by Fritz, a chess software. My comments will
be denoted by my (Corey Russell) inititals. -cjr} 1. d4 d5 2. Nc3 Nf6 3. Bg5
Bf5 4. f3 c6 5. Qd2 Nbd7 6. g4 Bg6 {LiveBook: 6 Games} 7. h4 {Nick mentioned
to me that he never plays like this, but was resorting to such rash moves
because I was playing a good line. - cjr} (7. Bf4 $11) 7... h6 {At the time of
the game I couldn't decide which was better ...h6 or ..h5. What I didn't see
is what Nick pointed out: 7. ... h5 8. Bh3 e5 is good for black. -cjr} ({
Black should try} 7... h5 $15 8. gxh5 Nxh5) 8. Bf4 $11 {The position is equal.}
e6 9. e3 a6 10. Bd3 Bxd3 11. cxd3 c5 12. dxc5 Bxc5 {Nick felt like my move was
inaccurate. He said he was worried about 12. ... e5 13. Bg3 Bxc5 14. d4 Bd6
and he felt like his position was garbage. It looks even to me but I can see
why Nick doesn't want to play that positon. - cjr} 13. d4 Bb4 14. Nge2 Nb6 15.
Kf2 Nc4 16. Qc2 {[#] aiming for Qc2-a4+.} Bd6 17. b3 Na3 {Nick felt this was a
serious mistake. And indeed for the rest of the game the knight never saw any
action. Nick recommended ...Nb6 instead.I was hoping to use the knight to
force a ...Rc2 but that never panned out. -cjr} 18. Qd3 Rc8 19. Rac1 {Strongly
threatening Bf4xd6.} O-O {Nick mentioned instead 19. ... Ke7!? might be an
idea because then black could do ...Bxf4 Nxf4 g5. -cjr} 20. Bxd6 Qxd6 21. Nf4
Rc7 22. g5 Nh7 23. gxh6 gxh6 24. Nce2 Rxc1 25. Rxc1 Qe7 26. Rg1+ Kh8 27. Rg4
Nb5 (27... Nf6 $11 28. Rg1 Re8) 28. Ng3 (28. Qg6 $1 $14 Qf6 29. Qh5) 28... Qc7
(28... Qa3 $1 $15 29. Nfe2 Qe7) 29. Nge2 ({White should play} 29. Ngh5 $14 Rc8
30. Rg7 Qc2+ 31. Qxc2 Rxc2+ 32. Ke1) 29... h5 $6 {The beginning of the end. In
the postmortem Nick and I came up with ...Rg8 to blunt white's attack. and
indeed in a great many lines it seems the position is fairly level.} (29... Nd6
$11) 30. Rg1 $40 {[%cal Bg4g1,Bg1h1,Bh1h3,Bh3h6][%mdl 160] Black needs to
defend precisely.} Qd8 31. Nxh5 Qxh4+ 32. Nhg3 f5 (32... Qh2+ $16 33. Kf1 Qh3+
34. Ke1 Qh6) 33. Rh1 $18 Qg5 34. Nf4 Rg8 35. Rh3 Qe7 36. Qf1 Qf7 (36... Nc7
$142 37. Qh1 Rg5) 37. Qh1 {[#] And now Rh3-h6 would win.} Nc7 $2 (37... Rc8 38.
Nxe6 Qg8) 38. Rh6 {Precision: White = 51%, Black = 24%. - Fritz || Black is
utterly helpless to prevent to death by Ng3-h5-f6. So resignation seemed to be
in order. -cjr} 1-0

[Event "Oregon Closed Championship"]
[Site "Portland, OR"]
[Date "2022.07.16"]
[Round "2"]
[White "Pendergast, Michael"]
[Black "Russell, Corey"]
[Result "0-1"]
[WhiteElo "2140"]
[BlackElo "2206"]
[Annotator "Tactical Analysis 2.10 (7s)"]
[PlyCount "74"]
[EventDate "2022.07.15"]
[EventType "tourn"]
[EventRounds "8"]
[EventCountry "USA"]

{[%evp 19,74,71,71,27,20,-36,-36,-36,-4,-38,-46,-46,-46,-46,37,21,38,38,101,99,
116,112,112,97,137,137,137,110,229,150,150,146,140,125,127,120,148,148,162,114,
159,136,151,136,136,117,173,173,173,-312,-312,-312,-312,-312,-247,-247,-312]} 
1. d4 d5 2. Nf3 Nf6 3. e3 {[%cal Be2e3,Be3e4][%mdl 32]} g6 4. c4 Bg7 5. cxd5
Nxd5 6. e4 Nb6 7. h3 O-O 8. Nc3 Nc6 9. Be3 e5 10. d5 Ne7 {[%cal Bc6e7,Be7f5,
Bf5e3][%mdl 32] LiveBook: 18 Games} 11. Qb3 (11. a4 $16) 11... c6 $1 $11 {
[%cal Rc6d5] White has an edge.} 12. O-O-O (12. d6 $11 Qxd6 13. Rd1) 12... cxd5
$15 13. exd5 e4 14. Ng5 Nf5 $1 {[%cal Rf5e3]} 15. Ngxe4 Nxe3 16. fxe3 Bh6 (
16... Bf5 $15 17. g4 Bxe4 18. Nxe4 Re8) 17. g4 $36 {[%mdl 2048] White has some
pressure.} Bxe3+ 18. Kb1 Bd7 ({Black should try} 18... Bf4 $14) 19. Bb5 $16
Bxb5 20. Nxb5 Bh6 21. Rhf1 a6 22. Nbd6 Nd7 {I rejected a more expected move
like 22. ... Rb8 because of the line: 22. ... Rb8 23. Nf6+ Kh8 24. Nde4 and it
looked like a winning position to me for white. Black is paralyzed and white
basically has all day to grind out a win. And indeed in the post-mortem
Michael mentioned he was doing to play that if I allowed it. -cjr} 23. Qxb7 Nc5
(23... Bg7 $16 {was necessary.} 24. b3 Nc5) 24. Qc6 Nxe4 25. Nxe4 Bg7 26. Nf6+
Bxf6 27. Qxf6 Qd7 28. d6 Rab8 29. Rf3 ({Better is} 29. Rfe1 $18) 29... Qa4 (
29... Rfe8 $142 30. Rc3 Re6) 30. Rfd3 {d6-d7 is the strong threat.} Rfc8 {
[#] ( -> ...Qa4-c2+)} 31. R3d2 Qe4+ 32. Ka1 {Hoping for d6-d7.} Rc2 (32... Qe3
$16 {is a better defense.} 33. b3 Rc1+ 34. Rxc1 Qxd2) 33. Rxc2 $18 Qxc2 {
[%cal Rc2d1]} 34. Qd4 $4 {[%mdl 8192] Interestingly enough my opponent
mentioned that the reason he played this was it was a "safe" move. He had used
quite a bit of time by this point and he wanted to make time control. -cjr} (
34. Rf1 $18 Rf8 35. h4) 34... Rxb2 $1 $19 35. Qxb2 Qxd1+ 36. Qb1 Qxb1+ ({Not} 
36... Qxd6 37. Qb3 $17) 37. Kxb1 {[#] Strongly threatening d6-d7.} Kf8 {
Precision: White = 37%, Black = 33%.} 0-1

[Event "Oregon Closed Championship"]
[Site "Portland, OR"]
[Date "2022.07.18"]
[Round "3"]
[White "Russell, Corey"]
[Black "Haessler, Carl"]
[Result "1-0"]
[WhiteElo "2206"]
[BlackElo "2200"]
[Annotator "Tactical Analysis 2.10 (7s)"]
[PlyCount "55"]
[EventDate "2022.07.15"]
[EventType "tourn"]
[EventRounds "8"]
[EventCountry "USA"]

{[%evp 30,55,149,149,149,149,149,116,149,141,352,352,352,352,353,353,353,335,
374,374,384,384,445,445,445,429,1638,1490]} 1. d4 d5 2. Nf3 e6 3. c4 Be7 4. g3
Nf6 5. Bg2 O-O 6. O-O Nbd7 {Developing the QB first is more prudent if black
intends a queen's indian structure. This move order leads to a lot of trouble.
-cjr} 7. Nc3 b6 8. Ne5 Bb7 9. Qa4 Nxe5 10. dxe5 Ne8 {One might wonder why Carl
didn't try to more natural 10. ... Nd7. The reason is because of this line: 10.
... Nd7? 11. cxd5 Nxe5 12. d6! Bxg2 13. dxe7 Qxe7 14. Kxg2 and white is up a
piece -cjr.} 11. cxd5 exd5 12. Nxd5 $1 Bxd5 13. Rd1 c6 14. e4 Nc7 15. exd5 cxd5
16. Be3 {LiveBook: 4 Games - Fritz || Containing the black d-pawn is prudent.
I also want to prevent an unopposed ....Bc5 by black. Then I can bring
pressure to bear with Qc6. -cjr} Bc5 {[#]} 17. Bxc5 $1 bxc5 18. Qc6 Qe7 19.
Rac1 Qxe5 $2 {[#]} (19... c4 $16 20. Qd6 (20. Bxd5 Qxe5 21. Bxc4 Ne6 $16) 20...
Rae8) 20. Re1 $1 $18 {[%cal Re1e5]} ({Weaker is} 20. Qxc5 Ne6 $16) ({And not} 
20. Bxd5 Nxd5 21. Rxd5 (21. Qxd5 Qxb2 22. Rxc5 Rae8 $11) 21... Qxb2 $11) 20...
Qxb2 21. Qxc7 Qxa2 22. Qxc5 Rad8 23. Red1 d4 24. Rxd4 Rxd4 25. Qxd4 a5 26. Bd5
{White is clearly winning.} Qa3 27. Rc7 g6 (27... h6 $142 28. Qe5 Kh8) 28. Qf6
1-0

[Event "Oregon Closed Championship"]
[Site "Portland, OR"]
[Date "2022.07.17"]
[Round "4"]
[White "Cigan, Jason"]
[Black "Russell, Corey"]
[Result "1-0"]
[WhiteElo "2169"]
[BlackElo "2206"]
[Annotator "Tactical Analysis 2.10 (7s)"]
[PlyCount "89"]
[EventDate "2022.07.15"]
[EventType "tourn"]
[EventRounds "8"]
[EventCountry "USA"]

{[%evp 20,89,39,34,64,49,71,71,76,39,39,19,40,40,43,17,17,17,17,14,26,20,41,42,
41,41,41,37,95,77,77,78,192,193,192,124,292,285,285,-7,6,11,14,-259,-262,-253,
615,615,539,539,661,661,642,590,592,433,433,400,400,407,407,400,474,481,1220,
1220,1220,1006,1006,1006,1218,1006]} 1. e4 c5 2. Nf3 d6 3. d4 cxd4 4. Nxd4 Nf6
5. Nc3 g6 6. Be3 Bg7 7. f3 O-O 8. Qd2 Nc6 9. O-O-O Nxd4 10. Bxd4 Be6 11. Kb1 {
LiveBook: 645 Games} a5 12. h4 a4 13. a3 Qa5 {White is better.} 14. Qg5 Rfc8
15. g4 Qxg5 16. hxg5 Nd7 17. Bxg7 Kxg7 18. Rd4 Ne5 19. Be2 {White wants to
play f3-f4.} Bc4 20. Bd1 Rc5 21. f4 Nd7 22. Bf3 $36 {[%mdl 2048] Hoping for
e4-e5. White has good play.} Nf8 23. f5 $1 Ra6 (23... Kg8 $14) 24. e5 dxe5 25.
Rd8 b5 (25... f6 $16 {is a better defense.}) 26. Ne4 $18 Rd5 27. Rc8 (27. Re8
$18 {Strongly threatening f5-f6+.} Nd7 28. Rxe7) 27... Rd4 $2 (27... Nd7 $16)
28. f6+ $1 exf6 29. gxf6+ $2 (29. Nxf6 $18 {Threatening mate with Rh1xh7+!}
Rxf6 30. gxf6+ Kxf6 31. Rxf8) 29... Kg8 $11 30. g5 Bd5 31. Rxf8+ $2 (31. Re1
$11 Ra8 32. Rc5) 31... Kxf8 $19 32. Rxh7 {[%cal Rh7h8] [#]} Ke8 $4 {[%mdl 8192]
This game was quite draining for me. I felt the position was a difficult one
to play. In any case, by this point I was fatigued and when fatigued my
tendency is to play fast. As a result I didn't see that 32. ... Kg8! 33. Rg7+
Kh8 is winning for me! And it felt so weird to intentionally trap myself but
yet white can do nothing about it. -cjr} (32... Kg8 $19 33. Rh4 Rb6) 33. Nc5
$18 {[%cal Rh7h8]} Kd8 {...Ra6-c6 is the strong threat.} 34. Bxd5 ({And not} 
34. Nxa6 Bxf3 35. b3 Bd5 $14) 34... Rxd5 35. Nxa6 {[%mdl 4096] Endgame KRN-KR}
e4 36. Rxf7 {[#] Black must now prevent Na6-c7.} Rxg5 37. Rf8+ Kd7 38. Nb8+ Ke6
39. Nc6 Rg1+ 40. Ka2 Rd1 41. Nd8+ {White is clearly winning.} Rxd8 (41... Kd5
$142 42. f7 Rf1) 42. Rxd8 Kxf6 43. Kb1 Kf5 44. Kc1 g5 45. Kd2 {Precision:
White = 46%, Black = 27%. - Fritz || Here I could see that the white king and
rook were containing my pawns. I also saw even in a best case scenario where I
force white to sace his rook white just easily wins by using his king to pick
up my queen side pawns. Thus, seemed like resignation time. -cjr} 1-0

[Event "Oregon Closed Championship"]
[Site "Portland, OR"]
[Date "2022.07.17"]
[Round "5"]
[White "Russell, Corey"]
[Black "Zavortnik, Matt"]
[Result "1/2-1/2"]
[WhiteElo "2206"]
[BlackElo "2303"]
[Annotator "Tactical Analysis 2.10 (7s)"]
[PlyCount "113"]
[EventDate "2022.07.15"]
[EventType "tourn"]
[EventRounds "8"]
[EventCountry "USA"]

{[%evp 18,112,-9,-12,-12,-38,-38,-41,-23,-83,-31,-31,-31,-31,-6,-31,-1,-39,-7,
-7,-2,-56,-56,-56,-56,-56,-56,-56,-56,-68,-68,-77,-80,-75,-75,-83,-78,-113,
-114,-114,-114,-127,-127,-142,-142,-142,-142,-142,-141,-234,-233,-276,-262,
-276,-199,-273,-263,-293,-255,-312,-271,-271,-296,-296,-164,-179,0,0,0,0,466,
466,466,466,466,466,466,466,466,466,466,466,466,466,466,466,466,466,466,466,
466,466,466,466,466,0,466]} 1. d4 d5 2. Nf3 Nf6 3. c4 c6 4. g3 Bf5 5. Bg2 e6 6.
Nc3 h6 7. O-O Be7 8. b3 O-O 9. Bb2 Nbd7 10. Re1 {LiveBook: 10 Games} Qb6 11.
Ne5 Nxe5 12. dxe5 {Black is slightly better.} Ng4 13. e3 (13. Rf1 $1 $11 {
remains equal.}) 13... Nxe5 (13... dxc4 $1 $17 {Strongly threatening ...Ra8-d8.
} 14. Na4 Qa5) 14. Nxd5 $15 exd5 15. Bxe5 Bb4 {Threatening ...Rf8-e8.} 16. Rf1
Rfe8 (16... dxc4 {with more complications.} 17. bxc4 Rfd8 18. Qf3 Be6 19. Qf4
Qc5) 17. Qd4 {My opponent stated he missed this otherwise he could have done
the correct ...dxc4. It should be noted that if either 17. ... Bc5 or 17. ...
c5 then 18. Qf4 is good for white. -cjr} Qxd4 18. Bxd4 Bd3 19. Rfc1 (19. cxd5
$11 Bxf1 20. Kxf1) 19... Ba3 $1 20. cxd5 Bxc1 21. Rxc1 cxd5 22. Bxd5 Be4 {
This was a really good and important move. If instead 22. ... Bd3?! 23. f3
followed by e4 would give black lots of trouble. -cjr} 23. Bxe4 Rxe4 {Endgame
KRR-KRB} 24. Rc7 b6 25. Kg2 Ree8 26. g4 Rec8 27. Rb7 Rc2 28. a4 Rc1 $1 29. h4
Rb1 30. g5 hxg5 31. hxg5 Rxb3 32. g6 f6 {Hoping for ...Rb3-a3.} ({Don't do} 
32... fxg6 33. Rxg7+ Kf8 34. Rh7 $11) 33. f4 {I rejected 33. a5 because then
34. axb6 axb6 35. Rxb6 Rg5+ 36. Kf3 Rxg6 and I felt that position would be
easier to win as white has no counter play now. -cjr} (33. a5 $17) 33... Rb4
34. Kf3 Rxa4 35. Rd7 Ra3 {Black sees white wants to play e4-e5 for counter
play, so he slows my plan down with this move. -cjr} 36. Ke4 (36. Kg4 $142)
36... b5 $19 37. Rb7 a6 38. Kd5 Ra4 39. Rd7 {White hopes to continue with
e3-e4.} Rc4 40. e4 {[#]} Rcc8 (40... a5 $142 $1 {[%cal Ra5a4]} 41. e5 a4) 41.
e5 {[#]} fxe5 $2 (41... Rd8 $1 $19 {[%cal Rd8d7]} 42. e6 Re8) 42. fxe5 $11 Rd8
43. e6 {[%cal Be5e6,Be6d7][%mdl 32]} Rxd7+ $4 {[%mdl 8192] Black was getting
pretty low on time here. I believe he saw a forced draw here and decided to go
into it rather than lose by time.... -cjr} (43... Rab8 $11) 44. exd7 {KR-KB} b4
45. Ke6 a5 46. Bc5 a4 $1 47. Bxb4 a3 $1 {[#] intending ... a3-a2.} 48. Bxa3 $1
{[%mdl 512]} Rd8 (48... Rxa3 49. d8=Q#) 49. Ke7 Rxd7+ 50. Kxd7 $18 {Fritz's
statement that white is "winning" is quite the exaggeration. If black plays it
right he draws by force. -cjr} Kh8 51. Ke7 Kg8 52. Bb2 Kh8 53. Bf6 {
Threatening mate with Ke7-f7.} Kg8 54. Bg5 Kh8 55. Bh6 {White threatens Ke7-f7
and mate.} Kg8 56. Bg5 Kh8 57. Kf7 {Precision: White = 38%, Black = 47%.} (57.
Kd8 $142) 1/2-1/2